Normal view
MARC view
Entry Personal Name
001 - CONTROL NUMBER
- control field: 44051
003 - CONTROL NUMBER IDENTIFIER
- control field: dpl
005 - DATE AND TIME OF LATEST TRANSACTION
- control field: 20120321124000.0
008 - FIXED-LENGTH DATA ELEMENTS
- fixed length control field: 120321|||a|||||| | ||| d
040 ## - CATALOGING SOURCE
- Original cataloging agency: dpl
- Transcribing agency: dpl
100 ## - HEADING--PERSONAL NAME
- Personal name: गोयल, सन्तोष
670 ## - SOURCE DATA FOUND
- Source citation: Work cat.: (dpl): गोयल, सन्तोष, जनसम्पर्क और विज्ञापन /, 2003
670 ## - SOURCE DATA FOUND
- Source citation: Work cat.: (dpl): गोयल, सन्तोष, जनसम्पर्क और विज्ञापन /, 2003
